| 000 | 00757nam a22002417a 4500 | ||
|---|---|---|---|
| 001 | sjds170014 | ||
| 003 | sjds | ||
| 005 | 20170412132519.0 | ||
| 007 | |||
| 008 | 170412b cou||||| |||| 00| 0 spa d | ||
| 020 | _a0769900828 (pbk.0 | ||
| 040 | _csjds | ||
| 041 | _aspa | ||
| 100 | _aCowley, Joy | ||
| 245 |
_aLos pantalones de Pantaleón / _cescrito por Joy Cowley ; [written in Spanish by Lourdes Pacheco] ; ilustrado por Phil Normand. |
||
| 260 |
_aDenver, CO : _bShortland Publications, _cc1998 |
||
| 300 |
_a24 pages ; _bill. _c19 cm. |
||
| 440 |
_aSra. Sabiduría. _nLos grillos de la noche _pSerie A |
||
| 526 |
_aSra. Sabiduría. _cEmergent, level G |
||
| 700 | 1 |
_aNormand, Phil. _eill. |
|
| 700 | 1 |
_aPacheco, Lourdes _eauthor |
|
| 942 | _cBK | ||
| 999 |
_c17257 _d17257 |
||